00739nam a22002777a 4500001001000000003000900010005001700019007000300036008003400039040005400073041001000127072001400137100001800151100001700169110010300186245002600289260003700315300001100352500002000363650001300383650001200396650001700408650001200425650001300437650001100450BR8401394BR-BrBNA20230928091906.0ta230509b bl.||||| |||| 00| 0 por d aBR-BrBNAbporcBiblioteca Nacional de Agricultura a(Por) aQ40b90001 aAntunes, A.J.1 aCanhos, V.P.1 aSecretaria da Industria, Comercio, Ciencia e Tecnologia do Estado de Sao Paulo, Sao Paulo (Brasil)1 aAditivos em alimentos3 aSao Paulo, SP (Brasil): c[nd].  a178 p. aPublished 1983? aALIMENTO aADITIVO aANTIOXIDANTE aCORANTE aVITAMINA aENZIMA